000 00313nam a2200109Ia 4500
008 171211s9999 xx 000 0 und d
245 _aHTML5 Canvas, 2nd edition
245 _cJeff Fulton and Steve Fulton
260 _c2013
650 _xWeb Development
856 _uhttp://down.ebook777.com/013/9781449341909.pdf
999 _c350080
_d350080